Economía popular : (Registro nro. 5036)
[ vista simple ]
| 000 -LEADER | |
|---|---|
| fixed length control field | 01297nam a2200229Ia 4500 |
| 003 - CONTROL NUMBER IDENTIFIER | |
| control field | OSt |
| 005 - DATE AND TIME OF LATEST TRANSACTION | |
| control field | 20200506095720.0 |
| 008 - FIXED-LENGTH DATA ELEMENTS--GENERAL INFORMATION | |
| fixed length control field | 191128s1991 ck gr 000 0 spa d |
| 040 ## - CATALOGING SOURCE | |
| Original cataloging agency | CO-JMCR |
| Transcribing agency | CO-JMCR |
| 041 0# - LANGUAGE CODE | |
| Language code of text/sound track or separate title | spa |
| 082 04 - DEWEY DECIMAL CLASSIFICATION NUMBER | |
| Classification number | 306.3 / |
| Item number | P943e |
| 110 1# - MAIN ENTRY--CORPORATE NAME | |
| Corporate name or jurisdiction name as entry element | Colombia. Programa de las Naciones Unidas para el Desarrollo PNUD |
| 9 (RLIN) | 3964 |
| 245 #0 - TITLE STATEMENT | |
| Title | Economía popular : |
| Remainder of title | una vía para el desarrollo sin pobreza en América Latina/ |
| 260 ## - PUBLICATION, DISTRIBUTION, ETC. | |
| Place of publication, distribution, etc. | Bogotá : |
| Name of publisher, distributor, etc. | Programa de las Naciones Unidas para el desarrollo, |
| Date of publication, distribution, etc. | 1991 |
| 300 ## - PHYSICAL DESCRIPTION | |
| Extent | 177 páginas ; |
| Dimensions | 24 cm. |
| 490 0# - SERIES STATEMENT | |
| Series statement | Proyecto regional para la superación de la pobreza ; |
| Volume/sequential designation | 5 |
| 505 ## - FORMATTED CONTENTS NOTE | |
| Formatted contents note | Pobreza y desarrollo -- Importancia y orientación de la pequeña producción popular -- La economía popular : concepto y dinámica -- El reto de la economía popular -- Programa de apoyo a la economía popular -- El crédito al sector pproductivo popular |
| 520 ## - SUMMARY, ETC. | |
| Summary, etc. | La iniciativa productiva demostrada por millones de latinoamericanos pobres, el pepl y desarrollo de la pequeña empresa en un nuevo paradigma tecnológico y las posibilidades que hoy ofrece una nueva división internacional de la producción. |
| 650 14 - SUBJECT ADDED ENTRY--TOPICAL TERM | |
| Topical term or geographic name entry element | Economía solidaria Sector informal |
| 9 (RLIN) | 3965 |
| 650 24 - SUBJECT ADDED ENTRY--TOPICAL TERM | |
| Topical term or geographic name entry element | Desarrollo social Economía urbana |
| 9 (RLIN) | 3966 |
| 942 ## - ADDED ENTRY ELEMENTS (KOHA) | |
| Source of classification or shelving scheme | Dewey Decimal Classification |
| Koha item type | Books |
| Withdrawn status | Lost status | Source of classification or shelving scheme | Materials specified (bound volume or other part) | Damaged status | Not for loan | Home library | Current library | Shelving location | Date acquired | Source of acquisition | Cost, normal purchase price | Total Checkouts | Full call number | Barcode | Date last seen | Copy number | Price effective from | Koha item type |
|---|---|---|---|---|---|---|---|---|---|---|---|---|---|---|---|---|---|---|
| Dewey Decimal Classification | Donación--15/04/2018-- | Biblioteca Pública José María del Castillo y Rada | Biblioteca Pública José María del Castillo y Rada | General Stacks | 11/28/2019 | Donación | 0.00 | 306.3 / P943e | 430001179 | 05/16/2024 | Ej.1 | 11/28/2019 | Books |